| 000 | 00659nam a2200229 a 4500 | ||
|---|---|---|---|
| 001 | 13588 | ||
| 003 | BD-JhCC | ||
| 005 | 20240302123344.0 | ||
| 008 | 171108s2024 bg |||| |||| 000 0 ben d | ||
| 020 | _a9847015401975 | ||
| 035 | _a(BD-JhCC)13588 | ||
| 040 |
_aBD-JhCC _dBD-JhCC |
||
| 041 | _aBengali | ||
| 082 |
_a891.442 _bTAG 2024 |
||
| 100 | _a ঠাকুর,রবীন্দ্রনাথ | ||
| 245 |
_aরাজা / _cরবীন্দ্রনাথ ঠাকুর। |
||
| 260 |
_aঢাকা : _bজয় প্রকাশন; _c2024. |
||
| 300 |
_a94 p. : _c22 cm. |
||
| 650 | _aBengali Drama | ||
| 942 |
_2ddc _cBK _03 |
||
| 999 |
_c13588 _d13588 |
||